000 00830nam a2200217Ii 4500
003 JO-AjNU
008 230605s9999||||xx |||||||||||||| ||und||
020 _a978-614-424-228-5
040 _aJO-AjNU
_bara
_erda
_cJO-AjNU
041 _aara
050 1 4 _aDS247.B25 2016
100 3 _aتاليف الصديقي، علي فيصل علي,
_eauthor
_953125
245 0 0 _aتاريخ النظام السياسي والقانوني في حضارة دلمون
250 _aط1
264 3 1 _aبيروت: الدار العربية للموسوعات، 2016
300 _a143ص
_bصور توضيحية وخرائط
336 _atext
_btxt
_2rdacontent
337 _aunmediated
_bn
_2rdamedia
338 _avolume
_bnc
_2rdacarrier
650 4 _aحضارة دلمون - النظام السياسي والقانوني - تاريخ
_953126
999 _aA23575
_c27143
_d27143